Statistiken für Jede Stadt die je in Fortnite existierte

Klicken Sie hier um das Quiz zu spielen!

Allgemein

  • Dieses Quiz wurde 1.741 mal gespielt
    (84 seit der letzten Aktualisierung)
  • Das Durchschnittsergebnis liegt bei 20 aus 129

Antwortstatistiken

SaisonStadt% Korrekt
Saison 2Tilted Towers
96%
Saison 1Salty Springs
70%
Saison 1Pleasant Park
61%
Saison 1Loot Lake
54%
Saison 1Retail Row
44%
Saison 1Dusty Depot
43%
Saison 2Haunted Hills
43%
Saison 3Lucky Landing
43%
Saison 9Neo Tilted
43%
Saison 1Tomato Town
41%
Saison 1Fatal Fields
40%
Saison 1Wailing Woods
40%
Saison 1Greasy Grove
39%
Saison 2Junk Junction
39%
Saison 5Paradise Palms
39%
Saison 4Risky Reels
37%
Saison 2Snobby Shores
36%
Saison 2Shifty Shafts
34%
Saison 11Lazy Lake
33%
Saison 1Anarchy Acres
31%
Saison 1Flush Factory
31%
Saison 1Lonely Lodge
31%
Saison 12The Agency
30%
Saison 1Moisty Mire
29%
Saison 4Dusty Divot
26%
Saison 12The Shark
26%
Saison 12The Grotto
24%
Saison 11Weeping Woods
24%
Saison 11Frenzy Farm
23%
Saison 11Holly Hedges
23%
Saison 5Lazy Links
23%
Saison 7Polar Peak
23%
CH4 S1Frenzy Fields
21%
Saison 6Tomato Temple
21%
Saison 9Mega Mall
20%
CH5 S1Pleasant Piazza
20%
Saison 11Slurpy Swamp
20%
Saison 11Misty Meadows
19%
Saison 7The Block
19%
Saison 12The Yacht
19%
Saison 7Happy Hamlet
17%
Saison 8Lazy Lagoon
17%
CH5 S1Snooty Steppes
17%
Saison 11Steamy Stacks
17%
Saison 13Coral Castle
16%
Saison 11Craggy Cliffs
16%
CH5 S2
The Underworld
16%
Saison 7Frosty Flights
16%
CH5 S2Grim Gate
16%
Saison 11Sweaty Sands
16%
CH5 S1Fencing Fields
14%
CH4 S2Mega City
14%
Saison 13The Authority
14%
CH3 S1The Daily Bugle
14%
Saison 12The Rig
14%
Saison 10Tilted Town
14%
Saison 11Dirty Docks
13%
CH5 S1Ruined Reels
13%
Saison 14Stark Industries
13%
Saison 8Sunny Steps
13%
CH5 S1Classy Courts
11%
CH5 S2
Mount Olympus
11%
CH5 S1Reckless Railways
11%
CH5 S2Brawler's Battleground
10%
Saison 14Doom's Domain
10%
CH5 S1Grand Glacier
10%
CH5 S1Lavish Lair
10%
CH3 S1Rocky Reels
10%
Saison 10Gotham City
9%
CH5 S1Hazy Hillside
9%
CH5 S2Restored Reels
9%
Saison 15Salty Towers
9%
CH3 S1Sleepy Sound
9%
CH4 S1Brutal Bastion
7%
Saison 13Catty Corner
7%
Saison 6Leaky Lake
7%
CH4 S1Slappy Shores
7%
Saison 13The Fortilla
7%
CH4 S1Anvil Square
6%
CH4 S1Faulty Splits
6%
CH4 S1Shattered Slabs
6%
CH4 S1The Citadel
6%
CH3 S2The Fortress
6%
Saison 16The Spire
6%
CH3 S1Camp Cuddle
4%
Saison 15Colossal Coliseum
4%
CH3 S1Coney Crossroads
4%
CH3 S1Logjam Lumberyard
4%
CH4 S1Lonely Labs
4%
Saison 10Moisty Palms
4%
CH5 S1Rebels Roost
4%
Saison 13Rickety Rig
4%
CH5 S1Ritzy Riviera
4%
CH3 S1Sanctuary
4%
Saison 15Stealthy Stronghold
4%
CH3 S1The Joneses
4%
Saison 17Believer Beach
3%
CH4 S1Breakwater Bay
3%
CH3 S1Chonker's Speedway
3%
CH3 S1Condo Canyon
3%
Saison 17Corny Complex
3%
CH4 S2Kenjutsu Crossing
3%
Saison 9Pressure Plant
3%
Saison 10Starry Suburbs
3%
Saison 16Colossal Crops
1%
CH3 S2Command Cavern
1%
CH4 S3Creeky Compound
1%
CH4 S4Eclipsed Estate
1%
CH3 S4Fort Jonesy
1%
Saison 15Hunter's Haven
1%
CH4 S2Knotty Nets
1%
CH3 S4Lustrous Lagoon
1%
CH3 S3Rave Cave
1%
CH3 S3Reality Tree
1%
CH4 S4Relentless Retreat
1%
CH4 S3Rumble Ruins
1%
CH S4
Sanguine Suites
1%
CH4 S3Shady Stilts
1%
CH3 S4Shimmering Shrine
1%
CH3 S3Shuffled Shrines
1%
CH4 S2Steamy Springs
1%
CH3 S2Synapse Station
1%
Saison 16Boney Burps
0%
Saison 18Corny Crops
0%
CH3 S4Grim Gables
0%
CH3 S4Herald´s Sanctum
0%
Saison 17Holly Hatchery
0%
Saison 17Sludgy Swamp
0%
Saison 18The Convergence
0%

Verteilung der Resultate

Perzentil nach korrekt beantworteten Fragen

Anzahl Personen mit jedem Resultat

Ihre Resultats-Entwicklung

Sie haben dieses Quiz seit der letzten Aktualisierung nicht gespielt